000 01136nam a22002777a 4500
999 _c65432
_d65432
005 20240530110824.0
008 190801s2019 ua g b 000 0 ara d
017 _a2018/19100
_bمصر. دار الكتب
020 _a9789773224059
040 _aEG-CaGPL
_cEG-CaGPL
082 0 4 _221
_a398.2/
_bق/ا خ
100 0 _aالسيد صلاح الدبيكى
245 1 2 _aالخرافة والشعوذة فى المجتمع المصرى :
_bعصر سلاطين المماليك ( 648 - 632 هـ / 1250 - 1517 م ) /
_cالسيد صلاح الدبيكى
250 _aط.1
260 _aالقاهرة :
_bعين للدراسات و البحوث الانسانية و الاجتماعية،
_c2019.
300 _a240 ص. ؛
_c24 سم.
504 _aيشتمل على ارجاعات ببليوجرافية
650 0 7 _2qrmak
_aالخرافات
650 0 7 _2qrmak
_aالادب الشعبى
650 0 7 _2qrmak
_aالتنجيم
650 0 7 _2qrmak
_aالاساطير
650 0 7 _2qrmak
_aالخرافات
_zمصر
_yدولة المماليك
651 _2qrmak
942 _2ddc
_cBK